000 00742nam a2200217 4500
003 OSt
005 20230920100502.0
006 k|||||r|||| 00| zz
008 230920b |||||||| |||| 00| 0 eng d
040 _cLado V
082 _a779.943.8
_bO51e
100 _9427
_aOlmo, Santiago B.
_eautor
245 _aEspacio de Miradas/
260 _bArchivo del territorio Histórico de Alava
_aMadrid
_c1999
300 _a16p.
_c21x30cm
650 _2Tesauro de Arte & Arquitectura
_aARTE
_9702
650 _2Tesauro de Arte & Arquitectura
_aFOTOGRAFÍA
_9702
650 _2Tesauro de Arte & Arquitectura
_aERÓTICA
650 _2Tesauro de Arte & Arquitectura
_aCUERPOS HUMANOS
_9702
942 _2ddc
_c1
_h779.943.8
_iO51e
_n0
999 _c4346
_d4346